000 00987cam a2200313 a 4500
001 000003812
003 DO-SdBNP
005 20220719095939.0
007 ta
008 051028e1994 br er 000 1 spa d
020 _a9500812290
040 _aDO-SdBNP
_bspa
_cBNPHU
041 1 7 _heng
082 4 _a813.53
_bC821e
_222
100 1 _aCornwell, Patricia Daniels.
_911560
_d1956-
240 1 0 _aCruel and unusual
245 1 0 _aExtraño & cruel /
_cPatricia D. Cornwell ; Traductor,Marcela Solá ; Prólogo Ronnie Joe Wadell
246 _aExtraño y cruel
260 _aSão Paulo, Brasil :
_bAtlántida,
_c1994.
300 _a376 p. ;
_c24 cm.
534 _aTítulo original: Cruel and unusual
590 _aInventariado 2022 / MF
650 4 _aLitertura estadounidense
_910902
_vFicción
650 4 _aNovela estadounidense
_9262
_vFicción
700 1 _aSolá, Marcela,
_etrad.
_911561
700 1 _aWadell, Ronnie Joe,
_epról.
_981268
910 _aMFeliz
942 _2ddc
_cLBS1
999 _c3634
_d3634